| 000 | 00805cam a2200277K 4500 | ||
|---|---|---|---|
| 001 | 45330 | ||
| 005 | 20230410133033.0 | ||
| 008 | 881115s1964 ag b 000 0 spa d | ||
| 035 | _a(OCoLC)ocm18763522 | ||
| 040 |
_aYKC _cYKC |
||
| 035 | _a(OCoLC)18763522 | ||
| 041 | 1 |
_aspa _heng |
|
| 050 | 1 | 4 |
_aBF 575 _bM495p 1964 |
| 082 | 0 | 0 | _a157.3 |
| 049 | _aGRAL | ||
| 100 | 1 |
_aMeerloo, Joost Abraham Maurits, _d1903- |
|
| 245 | 1 | 0 |
_aPsicología del pánico / _cJoost A. M. Meerloo; [Tr. por Daniel Ricardo Wagner] |
| 260 |
_aBuenos Aires : _bHormé; _bdist. exclusiva: Paidós _c[1964] |
||
| 490 | 0 |
_aPsicología de hoy, _v4 |
|
| 504 | _aBibliography: p. [145]-147. | ||
| 500 | _aTranslation of: Patterns of panic. | ||
| 650 | 0 | _aFear. | |
| 942 |
_2lcc _cbk |
||
| 946 | _aclperez | ||
| 994 |
_aC0 _bDRFGD |
||
| 999 |
_c92199 _d92199 |
||